LEADER 01171nam a2200265 i 4500 001 000000157601 003 CaOOAMICUS 005 20070112000000.0 008 070112s1908 gw u000 u ger u 013 $a134957 040 $aSeMil$bita 100 1 $aBoehn, Max : von.$0(OLS)http://semarc/name/61508 245 10$aGiorgione und Palma Vecchio /$cvon Max von Boehn. 260 $aBielefield ; Leipzig :$bVelhagen & Klasing,$c1908. 300 $a130 p. :$b110 ill. (b/n) ;$c26 cm. 490 0 $aKünstler- Monographien ;$v94 600 04$aGiorgione .$0(OLS)http://semarc/subject/16859 650 4$aPittura - Storia - Italia.$0(OLS)http://semarc/subject/1776 650 4$aPalma Il Vecchio .$0(OLS)http://semarc/subject/29126 830 0$aKünstler- Monographien ;$v94.$0(OLS)http://semarc/title/22614 850 $aSeMil 852 $aSeMil$W1$xVenegono$y1$m5N XVI 14$j109283$B109283$CSeMilBibl$Z2$F118796 $8I 961 $aRecupero: Altro 996 $6245$aGiorgione und Palma Vecchio$9(OLS)http://semarc/title/231133 996 $6260$aBielefield ; Leipzig :$bVelhagen & Klasing$9(OLS)http://semarc/publisher/34567 LEADER 01829nas a2200265 i 4500 001 000000208967 003 CaOOAMICUS 005 20160718000000.0 008 160129b2015 sz uu u0 0eng r 013 $a187755 040 $aSeMil$bita 245 10$aFrom Encounter to Commitment :$bInterreligious Experience and Theological Engagement /$cEdited by Angela Berlis and Douglas Pratt. 260 $aBern :$bStämpfli AG,$c2015. 300 $a152 p. :$bill. ;$c23 p. 500 $aContributi dal 2. Convegno Internazionale IREI (International Conference on Interreligious Relations and Ecumenical Issues), Università di Berna, 8-10 novembre 2012. - In 3. di cop. : Publiziert mit Unterstützung der Schweizerischen Akademie der Geistes- und Sozialwissenschaften (SAGW) durch Vermittlung der Schweizerischen Theologischen Gesellschaft (SThG). - Articoli con sintesi in tedesco [Zusammenfassung] in coda. 700 1 $aInternational Conference on Interreligious Relations and Ecumenical Issues (IREI) «From Encounter to Commitment : Interreligious Experience and Theological Reflection» <2. ; 2012>.$0(OLS)http://semarc/name/74932 700 1 $aPratt, Douglas.$0(OLS)http://semarc/name/3634 700 1 $aBerlis, Angela.$0(OLS)http://semarc/name/3632 700 1 $aSchweizerische Akademie der Geistes- und Sozialwissenschaften (SAGW) : Schweizerische Theologische Gesellschaft (SThG).$0(OLS)http://semarc/name/42375 774 0 $t[vedi periodico].$w()289220 850 $aSeMil 852 $aSeMil$W1$xVenegono$y1$m181 1 50/S$j159421$B159421$CSeMilBibl$Z2$F212267 $85 961 $aAbbonamento: Stämpfli AG 996 $6245$aFrom Encounter to Commitment :$bInterreligious Experience and Theological Engagement$9(OLS)http://semarc/title/302083 996 $6260$aBern :$bStämpfli AG$9(OLS)http://semarc/publisher/30694